000 00725nam a22002177a 4500
999 _c168182
_d168182
005 20190927152349.0
010 _aENG-126580
020 _c815.00
_a9789353439927
035 _aEN-110112
037 _bDBAD/PUB
082 _a330
100 _aAcemoglu , Daron
245 _aEconomics /
_cBy Daron Acemoglu...[etc,all]
260 _aUttar Pradesh
_bPearson India Education Services Pvt. Ltd
_c2020
270 _bNoida
_a15th Floor, Tower-B, World Trade Tower, Plot No.1, Block-C, Sector-16
_e201301
_k044-66540100
_mcompanysecretary.india@pearson.com
300 _a788p.
_c28cm,(pbk)
500 _aIncludes Index.
700 _aLaibson , David
700 _aList , John
942 _2ddc
_cEN
_h330
_mACE